Guiding young children: A problem-solving approach (Record no. 3413)
[ view plain ]
| 000 -LEADER | |
|---|---|
| fixed length control field | 00649nam a2200217Ia 4500 |
| 003 - CONTROL NUMBER IDENTIFIER | |
| control field | OSt |
| 005 - DATE AND TIME OF LATEST TRANSACTION | |
| control field | 20230807153125.0 |
| 008 - FIXED-LENGTH DATA ELEMENTS--GENERAL INFORMATION | |
| fixed length control field | 221216s9999||||xx |||||||||||||| ||und|| |
| 020 ## - INTERNATIONAL STANDARD BOOK NUMBER | |
| International Standard Book Number | 9780767417969 |
| 040 ## - CATALOGING SOURCE | |
| Transcribing agency | Chuka University Library |
| 050 ## - LIBRARY OF CONGRESS CALL NUMBER | |
| Classification number | LB 1140.2 |
| Item number | .R49 2000 |
| 100 ## - MAIN ENTRY--PERSONAL NAME | |
| Personal name | Reynolds, Eleanor |
| 9 (RLIN) | 2514 |
| 245 #0 - TITLE STATEMENT | |
| Title | Guiding young children: A problem-solving approach |
| 250 ## - EDITION STATEMENT | |
| Edition statement | 3rd ed. |
| 260 ## - PUBLICATION, DISTRIBUTION, ETC. | |
| Place of publication, distribution, etc. | Boston |
| Name of publisher, distributor, etc. | McGraw-Hill |
| Date of publication, distribution, etc. | 2000 |
| 300 ## - PHYSICAL DESCRIPTION | |
| Extent | 450p |
| Other physical details | Illustrated |
| 650 ## - SUBJECT ADDED ENTRY--TOPICAL TERM | |
| Topical term or geographic name entry element | Education |
| 9 (RLIN) | 9611 |
| General subdivision | Preschool |
| 650 ## - SUBJECT ADDED ENTRY--TOPICAL TERM | |
| Topical term or geographic name entry element | Problem solving in children |
| 9 (RLIN) | 11548 |
| 650 ## - SUBJECT ADDED ENTRY--TOPICAL TERM | |
| Topical term or geographic name entry element | Preschool teachers |
| General subdivision | In-service training |
| 9 (RLIN) | 11549 |
| 942 ## - ADDED ENTRY ELEMENTS (KOHA) | |
| Koha item type | Long Loan Books |
| Source of classification or shelving scheme | Library of Congress Classification |
| Withdrawn status | Lost status | Source of classification or shelving scheme | Damaged status | Not for loan | Collection | Home library | Current library | Shelving location | Date acquired | Total Checkouts | Full call number | Barcode | Date last seen | Copy number | Price effective from | Koha item type |
|---|---|---|---|---|---|---|---|---|---|---|---|---|---|---|---|---|
| Library of Congress Classification | General Collection Books | Embu Campus Library | Embu Campus Library | General Stacks | 02/04/2025 | LB 1140.2 .R49 2000 | 7152/2010 | 07/01/2023 | 07/01/2023 | Long Loan Books | ||||||
| Library of Congress Classification | General Collection Books | Main Campus Library | Main Campus Library | General Stacks | 16/12/2022 | LB 1140.2 .R49 2000 | 7149/2010 | 16/12/2022 | 4 | 16/12/2022 | Long Loan Books | |||||
| General Collection Books | Main Campus Library | Main Campus Library | Business Studies Library | 07/01/2023 | LB 1140.2 .R49 2000 | 7150/2010 | 07/01/2023 | 07/01/2023 | Long Loan Books | |||||||
| Library of Congress Classification | General Collection Books | Main Campus Library | Main Campus Library | General Stacks | 07/01/2023 | LB 1140.2 .R49 2000 | 7151/2010 | 07/01/2023 | 2 | 07/01/2023 | Long Loan Books |
